000 00675nam a2200217 i 4500
001 115091
003 ES-MaACL
005 20250918183854.0
007 t|
008 070221s1911 sp ||||1| spa d
080 _a821.134.2-32"19"
100 1 _aUnamuno, Miguel de,
_d1864-1936
_9111982
245 1 4 _aUna historia de amor /
_cpor Miguel de Unamuno ; ilustraciones de Agustín.
260 _aMadrid :
_bEl Cuento Semanal,
_c1911.
300 _a[20] p. :
_bil. ;
_c26 cm.
490 1 _aEl cuento semanal ;
_v260
700 0 _aAgustín,
_dca. 1878-1935
_9171519
830 1 3 _aEl cuento semanal
_v260
_9185957
852 _aES-MaACL
_jG-4448(17)
999 _c115091
_d115091